ბათუმის შოთა რუსთაველის სახელმწიფო უნივერსიტეტის ბიბლიოთეკა

Simpson's forensic medicine / (ბიბ.ჩანაწერი № 57714)

000 -LEADER
fixed length control field 01107cam a22002898i 4500
001 - CONTROL NUMBER
control field 20904096
005 - DATE AND TIME OF LATEST TRANSACTION
control field 20221105195602.0
008 - FIXED-LENGTH DATA ELEMENTS--GENERAL INFORMATION
fixed length control field 190325s2020 flu b 001 0 eng
010 ## - LIBRARY OF CONGRESS CONTROL NUMBER
LC control number 2019014218
020 ## - INTERNATIONAL STANDARD BOOK NUMBER
International Standard Book Number 9781498704298 (pbk. : alk. paper) 1
020 ## - INTERNATIONAL STANDARD BOOK NUMBER
International Standard Book Number 9780367333195 (hardback : alk. paper) 1
020 ## - INTERNATIONAL STANDARD BOOK NUMBER
Canceled/invalid ISBN 9781315157054 (ebook) 1
060 10 - NATIONAL LIBRARY OF MEDICINE CALL NUMBER
Classification number W 700
080 ## - UNIVERSAL DECIMAL CLASSIFICATION NUMBER
Universal Decimal Classification number 340.6 S-61
245 00 - TITLE STATEMENT
Title Simpson's forensic medicine /
Statement of responsibility, etc. edited by Professor Jason Payne-James and Dr. Richard Jones.
246 1# - VARYING FORM OF TITLE
Title proper/short title Forensic medicine
250 ## - EDITION STATEMENT
Edition statement 14ed.
264 #1 - PRODUCTION, PUBLICATION, DISTRIBUTION, MANUFACTURE, AND COPYRIGHT NOTICE
Place of production, publication, distribution, manufacture Boca Raton :
Name of producer, publisher, distributor, manufacturer CRC Press,
Date of production, publication, distribution, manufacture, or copyright notice 2020.
300 ## - PHYSICAL DESCRIPTION
Extent 343 p. ;
Dimensions 25 cm.
500 ## - GENERAL NOTE
General note Preceded by Simpson's forensic medicine / Jason Payne-James ... [et al.]. 13th ed. c2011.
650 12 - SUBJECT ADDED ENTRY--TOPICAL TERM
Topical term or geographic name entry element Forensic Medicine
9 (RLIN) 9581
653 ## - INDEX TERM--UNCONTROLLED
keyword სიმფსონის სასამართლო მედიცინა
653 ## - INDEX TERM--UNCONTROLLED
keyword სამართალი
700 1# - ADDED ENTRY--PERSONAL NAME
Personal name Payne-James, Jason,
Relator term რედაქტორი
9 (RLIN) 9582
700 1# - ADDED ENTRY--PERSONAL NAME
Personal name Jones, Richard
Titles and other words associated with a name (Forensic pathologist),
Relator term რედაქტორი
9 (RLIN) 9583
942 ## - ADDED ENTRY ELEMENTS (KOHA)
Source of classification or shelving scheme
Koha item type წიგნი
ეგზემპლარები
Withdrawn status Lost status Source of classification or shelving scheme Damaged status Not for loan Permanent Location Current Location Shelving location Date acquired Cost, normal purchase price Full call number Barcode Date last seen Copy number Price effective from Koha item type Public note
          ბათუმის შოთა რუსთაველის სახელმწიფო უნივერსიტეტის მთავარი ბიბლიოთეკა ბათუმის შოთა რუსთაველის სახელმწიფო უნივერსიტეტის მთავარი ბიბლიოთეკა წიგნსაცავი 2020-10-01 134.56 340.6 S-61 61038 2020-10-01 61038 2020-10-01 წიგნი 134 ლ. 56 თ.